[Event "Frankfurt-ch"]
[Site "Frankfurt"]
[Date "2010.05.17"]
[Round "4"]
[White "Wehhofer, Josef"]
[Black "Kuemmel, Werner"]
[Result "1-0"]
[WhiteElo "1598"]
[BlackElo "1279"]
[PlyCount "51"]
[EventDate "2010.04.26"]
[EventType "swiss"]
[EventRounds "7"]
[EventCountry "GER"]
[SourceTitle "EXT 2011"]
[Source "ChessBase"]
[SourceDate "2010.11.26"]
[SourceVersion "1"]
[SourceVersionDate "2010.11.26"]
[SourceQuality "1"]

1. d4 Nf6 2. c4 g6 3. Nf3 Bg7 4. Nc3 0-0 5. Bg5 d6 6. e3 e5 7. dxe5 dxe5 8. Qxd8 Rxd8 9. Nxe5 Re8 10. Nf3 h6 11. Bh4 Bf5 12. Rd1 c6 13. Bd3 Ne4 14. Nxe4 Bxe4 15. Bxe4 Rxe4 16. Rd8+ Kh7 17. Bg3 Rxc4 18. 0-0 Bf6 19. Rxb8 Rxb8 20. Bxb8 Bxb2 21. Nd2 Rc2 22. Nb3 Bg7 23. Bxa7 Rxa2 24. Bd4 Bf8 25. g3 Ra3 26. Bc5 1-0

[Event "Frankfurt-ch"]
[Site "Frankfurt"]
[Date "2010.05.10"]
[Round "3"]
[White "Biegel, Thomas"]
[Black "Wehhofer, Josef"]
[Result "1-0"]
[WhiteElo "2021"]
[BlackElo "1598"]
[PlyCount "59"]
[EventDate "2010.04.26"]
[EventType "swiss"]
[EventRounds "7"]
[EventCountry "GER"]
[SourceTitle "EXT 2011"]
[Source "ChessBase"]
[SourceDate "2010.11.26"]
[SourceVersion "1"]
[SourceVersionDate "2010.11.26"]
[SourceQuality "1"]

1. Nf3 c5 2. b3 d5 3. Bb2 Nc6 4. e3 e6 5. d4 Nf6 6. Bd3 cxd4 7. exd4 Bd6 8. 0-0 0-0 9. a3 Rb8 10. Qe2 h6 11. Nbd2 a6 12. Ne5 Qc7 13. f4 Bxe5 14. fxe5 Ne8 15. Qh5 f5 16. exf6 Nxf6 17. Qe2 Bd7 18. Nf3 Ng4 19. g3 b5 20. Kg2 Ne7 21. Bc1 Nf5 22. Bf4 e5 23. Nxe5 Nxd4 24. Nxd7 Qxd7 25. Qd2 Rbc8 26. h3 Nf6 27. Be5 Ne6 28. Bxf6 Rxf6 29. Rxf6 gxf6 30. Qxh6 1-0

[Event "Frankfurt-ch"]
[Site "Frankfurt"]
[Date "2008.05.26"]
[Round "4"]
[White "Biegel, Thomas"]
[Black "Wehhofer, Josef"]
[Result "1-0"]
[WhiteElo "2030"]
[BlackElo "1634"]
[PlyCount "71"]
[EventDate "2008.04.28"]
[EventType "swiss"]
[EventRounds "7"]
[EventCountry "GER"]
[SourceTitle "EXT 2009"]
[Source "ChessBase"]
[SourceDate "2008.11.26"]
[SourceVersion "1"]
[SourceVersionDate "2008.11.26"]
[SourceQuality "1"]

1. d4 Nf6 2. c4 e6 3. g3 c5 4. Nf3 cxd4 5. Nxd4 Nc6 6. Bg2 Bc5 7. Nb3 Be7 8. 0-0 0-0 9. Nc3 Ne5 10. c5 d5 11. cxd6 Bxd6 12. Nb5 Bb8 13. Qc2 a6 14. Nc3 Ba7 15. Bf4 Ng6 16. Rad1 Nd7 17. Bd6 Re8 18. Ne4 Bb6 19. h4 e5 20. h5 Ngf8 21. Nc3 Qg5 22. Nd5 Ne6 23. Nxb6 Nxb6 24. Bf3 Nf4 25. Bc7 Nh3+ 26. Kh2 Nd7 27. Kxh3 e4 28. Bf4 Ne5+ 29. Kg2 exf3+ 30. exf3 Qxh5 31. g4 Qg6 32. Qc3 Nc6 33. Rd6 Be6 34. Nc5 b6 35. Nxe6 Rxe6 36. Qxc6 1-0